1521 1273 1992 1116 1710 1329 1072 1662 1689 1002 1962 1638 1589 1115 1541 1705 1558 1548 1564 1627 1516 1800 1704 1480 1510 1664 1666 1139 1180 1184 1946 1785 1866 1053 1997 1704 1635 1100 1965 1733 1062 1946 1699 1984 1340 1601 1056 1789 1718 1352 1522 1227 1559 1497 1908 1999 1627 1699 1029 1204 1850 1656 1190 1828 1286 1623 1235 1966 1177 1317 1693 1055 1260 1644 1436 1660 1653 1191 1760 1750 1198 1855 1222 1227 1283 1486 1861 1295 1296 1410 1787 1018 1385 1281 1228 1190 1404 1860 1866 BCNSPRNW ULIB Ver.6.0+V

เปลี่ยนเป็นภาษาไทย

Change to English
 แสดงรายละเอียดบรรณานุกรม
  กลับหน้าหลัก

Brief Record : Get Marc (ISO 2709) : E-mail record : QR code < ปิดหน้าต่าง
LEADER : 00000nam 2200000uu 4500
001    13399115025
003     ULIB
008    020711s2552 th a 000 0 tha d
020    ^a9786167010120
082 04 ^aนว.^bจ718ค
090    ^aนว.^bจ718ค
100    ^aJeaniene Frost
245    ^aครึ่งทางสู่(หลุมรัก)/^cJeaniene Frost
260    ^aกรุงเทพฯ :^bนกฮูก,^c2552
300    ^a366 หน้า
945    ^p280^l0^i028402
995    ทศพร
999 ^a ทศพร
รายการนี้ยังไม่มีแท็ก
คุณยังไม่ได้ล็อกอิน คุณสามารถมีกิจกรรมร่วมกับเว็บไซต์ได้ แต่ต้องล็อกอินก่อน ::
  ล็อกอิน

รายการสื่อสารสนเทศ

ลำดับที่ ประเภท เลขเรียก/บาร์โค้ด สถานที่ สถานะ
1. นวนิยาย
นวนิยาย
นว. จ718ค นว. จ718ค  
  Barcode: 028402
ห้องสมุดวิทยาเขตสวรรค์ประชารักษ์
►นวนิยาย
บนชั้น
  ขอยืม

BibComment


ยังไม่เคยถูกคอมเมนท์

คอมเมนท์ทรัพยากรรายการนี้
  คอมเมนท์: ครึ่งทางสู่หลุมร..


 Copyright 2026. Bcnsprnw @Library